000 00815nam a2200253 i 4500
001 115569
003 ES-MaACL
005 20230906190506.0
007 t|
008 070316s1933 mx ||||1| spa d
080 _a792(72):016
080 _a016:792(72)
080 _a016:860(72)-2
080 _a860(72)-2:016
100 1 _aMonterde, Francisco.
_982467
245 1 0 _aBibliografía del teatro en México /
_cFrancisco Monterde.
260 _aMéxico :
_b[s.n.],
_c1933 (
_fImp. de la Secretaría de Relaciones Exteriores)
300 _aLXXX, 649 p. ;
_c20 cm.
490 1 _aMonografías bibliográficas mexicanas ;
_v28
650 1 4 _aTeatro-
_zMéxico-
_vBibliografías.
_917315
830 0 _aMonografías bibliográficas mexicanas ;
_v28
_9186305
852 _aES-MaACL
_jB-13427
999 _c115569
_d115569